000
nam a22 7a 4500
999
_c
54067
_d
54067
003
OSt
005
20220728155754.0
008
220728b xxu||||| |||| 00| 0 eng d
040
_c
IIMT UNIVERSITY
100
_a
HANUMAN PRASAD PODDAR
245
_a
SANT VANI
260
_a
GORAKH PUR
_b
GEETA PRESS
300
_a
288
942
_2
ddc
_c
09